[Event "DEM U14 2024"]
[Site "Willingen GER"]
[Date "2024.05.23"]
[Round "7"]
[White "Schuricht, Emil Frederick"]
[Black "Stephanblome, Felix"]
[Result "1/2-1/2"]
[Termination "normal"]
[Board "11"]
[WhiteElo "2027"]
[BlackElo "1869"]
[WhiteClock "00:10:48"]
[BlackClock "00:21:52"]
[PlyCount "64"]
[WhiteFideId "16270185"]
[BlackFideId "34661026"]
[EventCountry "GER"]
[EventRounds "9"]
[EventType "swiss"]
[EventDate "2024.05.18"]

1. d4 {[%clk 01:30:59]} {[%emt 00:00:02]} d5 {[%clk 01:30:55]} {[%emt
00:00:08]} 2. c4 {[%clk 01:31:25]} {[%emt 00:00:12]} e6 {[%clk 01:31:21]}
{[%emt 00:00:05]} 3. Nf3 {[%clk 01:31:52]} {[%emt 00:00:06]} Nf6 {[%clk
01:31:45]} {[%emt 00:00:08]} 4. g3 {[%clk 01:32:19]} {[%emt 00:00:05]} Be7
{[%clk 01:31:42]} {[%emt 00:00:27]} 5. Bg2 {[%clk 01:32:44]} {[%emt 00:00:10]}
O-O {[%clk 01:31:41]} {[%emt 00:00:17]} 6. O-O {[%clk 01:33:08]} {[%emt
00:00:01]} c6 {[%clk 01:31:44]} {[%emt 00:00:26]} 7. Qc2 {[%clk 01:33:32]}
{[%emt 00:00:06]} b6 {[%clk 01:31:59]} {[%emt 00:00:16]} 8. Nbd2 {[%clk
01:33:44]} {[%emt 00:00:17]} Bb7 {[%clk 01:32:20]} {[%emt 00:00:09]} 9. e4
{[%clk 01:33:25]} {[%emt 00:00:49]} Na6 {[%clk 01:32:44]} {[%emt 00:00:07]} 10.
Rd1 {[%clk 01:10:11]} {[%emt 00:23:44]} Qc7 {[%clk 01:15:39]} {[%emt 00:17:34]}
11. b3 {[%clk 00:52:18]} {[%emt 00:18:23]} Nb4 {[%clk 01:06:42]} {[%emt
00:09:27]} 12. Qb1 {[%clk 00:51:44]} {[%emt 00:01:04]} dxe4 {[%clk 01:06:36]}
{[%emt 00:00:36]} 13. Nxe4 {[%clk 00:44:13]} {[%emt 00:08:01]} Nxe4 {[%clk
01:05:11]} {[%emt 00:01:56]} 14. Qxe4 {[%clk 00:44:35]} {[%emt 00:00:08]} c5
{[%clk 01:05:34]} {[%emt 00:00:07]} 15. Qe2 {[%clk 00:41:28]} {[%emt 00:03:36]}
cxd4 {[%clk 01:04:53]} {[%emt 00:01:11]} 16. Nxd4 {[%clk 00:36:38]} {[%emt
00:05:20]} Bxg2 {[%clk 01:04:14]} {[%emt 00:01:09]} 17. Kxg2 {[%clk 00:36:49]}
{[%emt 00:00:20]} Rfd8 {[%clk 01:00:26]} {[%emt 00:04:18]} 18. Bb2 {[%clk
00:36:02]} {[%emt 00:01:17]} Bf6 {[%clk 00:59:12]} {[%emt 00:01:44]} 19. Kg1
{[%clk 00:32:38]} {[%emt 00:03:54]} Bxd4 {[%clk 00:44:43]} {[%emt 00:14:58]}
20. Bxd4 {[%clk 00:30:50]} {[%emt 00:02:18]} Nc6 {[%clk 00:45:06]} {[%emt
00:00:07]} 21. Bb2 {[%clk 00:29:54]} {[%emt 00:01:26]} Rxd1+ {[%clk 00:44:31]}
{[%emt 00:01:05]} 22. Rxd1 {[%clk 00:29:29]} {[%emt 00:00:56]} Rd8 {[%clk
00:44:55]} {[%emt 00:00:05]} 23. Ba1 {[%clk 00:25:34]} {[%emt 00:04:26]} Qe7
{[%clk 00:41:45]} {[%emt 00:03:39]} 24. Kg2 {[%clk 00:20:59]} {[%emt 00:05:06]}
Rxd1 {[%clk 00:40:02]} {[%emt 00:02:13]} 25. Qxd1 {[%clk 00:21:23]} {[%emt
00:00:06]} f6 {[%clk 00:40:20]} {[%emt 00:00:12]} 26. Bc3 {[%clk 00:20:34]}
{[%emt 00:01:18]} a5 {[%clk 00:31:08]} {[%emt 00:09:42]} 27. Qd3 {[%clk
00:19:07]} {[%emt 00:01:58]} Qc7 {[%clk 00:29:14]} {[%emt 00:02:24]} 28. Qe3
{[%clk 00:18:18]} {[%emt 00:01:18]} e5 {[%clk 00:28:06]} {[%emt 00:01:38]} 29.
c5 {[%clk 00:14:10]} {[%emt 00:04:39]} b5 {[%clk 00:26:53]} {[%emt 00:01:43]}
30. Qd3 {[%clk 00:14:34]} {[%emt 00:00:05]} b4 {[%clk 00:26:43]} {[%emt
00:00:40]} 31. Qd5+ {[%clk 00:13:45]} {[%emt 00:01:19]} Kf8 {[%clk 00:21:46]}
{[%emt 00:05:27]} 32. Bb2 {[%clk 00:10:48]} {[%emt 00:03:28]} Ne7 {[%clk
00:21:52]} {[%emt 00:00:23]} 1/2-1/2

[Event "DEM U14 2024"]
[Site "Willingen GER"]
[Date "2024.05.23"]
[Round "7"]
[White "Burkart, Lloyd Shang"]
[Black "Dodul, Arthur"]
[Result "1/2-1/2"]
[Termination "normal"]
[Board "12"]
[WhiteElo "2168"]
[BlackElo "1789"]
[WhiteClock "00:05:31"]
[BlackClock "00:15:29"]
[PlyCount "49"]
[WhiteFideId "16239059"]
[BlackFideId "34609016"]
[EventCountry "GER"]
[EventRounds "9"]
[EventType "swiss"]
[EventDate "2024.05.18"]

1. d4 {[%clk 01:30:55]} {[%emt 00:00:06]} Nf6 {[%clk 01:30:57]} {[%emt
00:00:11]} 2. c4 {[%clk 01:29:19]} {[%emt 00:01:59]} c6 {[%clk 01:31:23]}
{[%emt 00:00:03]} 3. Nf3 {[%clk 01:29:38]} {[%emt 00:00:10]} d5 {[%clk
01:31:50]} {[%emt 00:00:04]} 4. g3 {[%clk 01:29:49]} {[%emt 00:00:19]} g6
{[%clk 01:31:14]} {[%emt 00:01:06]} 5. Bg2 {[%clk 01:30:04]} {[%emt 00:00:15]}
Bg7 {[%clk 01:31:36]} {[%emt 00:00:09]} 6. O-O {[%clk 01:30:26]} {[%emt
00:00:07]} O-O {[%clk 01:31:56]} {[%emt 00:00:11]} 7. Ne5 {[%clk 01:30:29]}
{[%emt 00:00:27]} Ng4 {[%clk 01:21:29]} {[%emt 00:10:55]} 8. cxd5 {[%clk
01:17:43]} {[%emt 00:13:17]} cxd5 {[%clk 01:14:30]} {[%emt 00:07:29]} 9. Nf3
{[%clk 00:58:43]} {[%emt 00:19:29]} Nc6 {[%clk 01:11:42]} {[%emt 00:03:19]} 10.
Nc3 {[%clk 00:58:36]} {[%emt 00:00:37]} e6 {[%clk 01:08:11]} {[%emt 00:04:02]}
11. e3 {[%clk 00:53:29]} {[%emt 00:05:37]} Nf6 {[%clk 01:05:01]} {[%emt
00:03:39]} 12. b3 {[%clk 00:48:20]} {[%emt 00:05:39]} Qa5 {[%clk 00:59:00]}
{[%emt 00:06:31]} 13. Bd2 {[%clk 00:46:51]} {[%emt 00:01:59]} Qd8 {[%clk
00:53:19]} {[%emt 00:06:10]} 14. Rc1 {[%clk 00:43:56]} {[%emt 00:03:25]} Bd7
{[%clk 00:49:14]} {[%emt 00:04:36]} 15. Na4 {[%clk 00:31:00]} {[%emt 00:13:26]}
b6 {[%clk 00:46:50]} {[%emt 00:02:55]} 16. a3 {[%clk 00:28:58]} {[%emt
00:02:32]} Ne4 {[%clk 00:44:29]} {[%emt 00:02:49]} 17. Nc3 {[%clk 00:23:59]}
{[%emt 00:05:30]} Nxd2 {[%clk 00:44:16]} {[%emt 00:00:43]} 18. Qxd2 {[%clk
00:23:16]} {[%emt 00:01:13]} Na5 {[%clk 00:42:02]} {[%emt 00:02:45]} 19. Qb2
{[%clk 00:21:08]} {[%emt 00:02:37]} Qe7 {[%clk 00:38:56]} {[%emt 00:03:36]} 20.
Nd2 {[%clk 00:18:22]} {[%emt 00:03:16]} Rac8 {[%clk 00:30:20]} {[%emt
00:09:06]} 21. Rfd1 {[%clk 00:16:39]} {[%emt 00:02:13]} Rfd8 {[%clk 00:26:10]}
{[%emt 00:04:40]} 22. Bf1 {[%clk 00:14:42]} {[%emt 00:02:28]} Bf8 {[%clk
00:20:16]} {[%emt 00:06:23]} 23. Ndb1 {[%clk 00:09:08]} {[%emt 00:06:03]} Nb7
{[%clk 00:15:21]} {[%emt 00:05:26]} 24. Ba6 {[%clk 00:07:21]} {[%emt 00:02:17]}
Rb8 {[%clk 00:15:29]} {[%emt 00:00:22]} 25. Ne2 {[%clk 00:05:31]} {[%emt
00:02:21]} 1/2-1/2

[Event "DEM U14 2024"]
[Site "Willingen GER"]
[Date "2024.05.23"]
[Round "7"]
[White "Herrmann, Jakob"]
[Black "Goldkuhle, Collin"]
[Result "0-1"]
[Termination "normal"]
[Board "13"]
[WhiteElo "2060"]
[BlackElo "1909"]
[WhiteClock "00:23:30"]
[BlackClock "00:16:09"]
[PlyCount "116"]
[WhiteFideId "16287169"]
[BlackFideId "16271106"]
[EventCountry "GER"]
[EventRounds "9"]
[EventType "swiss"]
[EventDate "2024.05.18"]

1. Nf3 {[%clk 01:30:53]} {[%emt 00:00:09]} Nf6 {[%emt 00:00:41]} 2. g3 c5
{[%clk 01:31:06]} {[%emt 00:00:03]} 3. c4 {[%clk 01:31:07]} {[%emt 00:00:36]}
Nc6 {[%clk 01:31:25]} {[%emt 00:00:09]} 4. Bg2 {[%clk 01:30:15]} {[%emt
00:01:11]} d5 {[%clk 01:31:39]} {[%emt 00:00:16]} 5. d4 {[%clk 01:13:08]}
{[%emt 00:17:36]} dxc4 {[%clk 01:26:46]} {[%emt 00:05:25]} 6. Qa4 {[%clk
01:12:47]} {[%emt 00:00:51]} cxd4 {[%clk 01:21:52]} {[%emt 00:05:23]} 7. Nxd4
{[%clk 01:08:57]} {[%emt 00:04:20]} Qxd4 {[%clk 01:20:22]} {[%emt 00:02:00]} 8.
Bxc6+ {[%clk 01:09:22]} {[%emt 00:00:05]} Bd7 {[%clk 01:19:43]} {[%emt
00:01:09]} 9. Bxd7+ {[%clk 01:07:59]} {[%emt 00:01:54]} Nxd7 {[%clk 01:18:08]}
{[%emt 00:02:05]} 10. O-O {[%clk 01:07:05]} {[%emt 00:01:23]} a6 {[%clk
01:12:32]} {[%emt 00:06:07]} 11. Nc3 {[%clk 00:59:15]} {[%emt 00:08:20]} Rc8
{[%clk 00:52:57]} {[%emt 00:20:05]} 12. Rd1 {[%clk 00:49:09]} {[%emt 00:10:35]}
Qg4 {[%clk 00:52:46]} {[%emt 00:00:41]} 13. Bf4 {[%clk 00:49:30]} {[%emt
00:00:09]} Qe6 {[%clk 00:48:37]} {[%emt 00:04:39]} 14. Nd5 {[%clk 00:48:09]}
{[%emt 00:01:51]} Qc6 {[%clk 00:43:39]} {[%emt 00:05:27]} 15. Qxc6 {[%clk
00:40:09]} {[%emt 00:08:32]} Rxc6 {[%clk 00:43:18]} {[%emt 00:00:50]} 16. Rac1
{[%clk 00:34:59]} {[%emt 00:05:40]} e6 {[%clk 00:35:49]} {[%emt 00:07:59]} 17.
Nc3 {[%clk 00:32:31]} {[%emt 00:02:57]} Nf6 {[%clk 00:33:33]} {[%emt 00:02:47]}
18. e4 {[%clk 00:23:53]} {[%emt 00:09:07]} Bb4 {[%clk 00:30:49]} {[%emt
00:03:14]} 19. Bg5 {[%clk 00:22:00]} {[%emt 00:02:23]} Nd7 {[%clk 00:27:46]}
{[%emt 00:03:34]} 20. Rc2 {[%clk 00:20:00]} {[%emt 00:02:31]} f6 {[%clk
00:26:25]} {[%emt 00:01:50]} 21. Rcd2 {[%clk 00:19:03]} {[%emt 00:01:27]} Rc7
{[%clk 00:22:01]} {[%emt 00:04:54]} 22. Bf4 {[%clk 00:17:54]} {[%emt 00:01:40]}
Bxc3 {[%clk 00:18:58]} {[%emt 00:03:32]} 23. Bxc7 {[%clk 00:16:58]} {[%emt
00:01:26]} Bxd2 {[%clk 00:18:31]} {[%emt 00:00:58]} 24. Rxd2 {[%clk 00:17:23]}
{[%emt 00:00:05]} Ke7 {[%clk 00:18:03]} {[%emt 00:00:57]} 25. a4 {[%clk
00:16:51]} {[%emt 00:01:03]} Rc8 {[%clk 00:17:16]} {[%emt 00:01:16]} 26. Bd6+
{[%clk 00:17:16]} {[%emt 00:00:06]} Ke8 {[%clk 00:16:52]} {[%emt 00:00:53]} 27.
Rc2 {[%clk 00:15:49]} {[%emt 00:01:57]} Rc6 {[%clk 00:16:48]} {[%emt 00:00:34]}
28. Bf4 {[%clk 00:15:19]} {[%emt 00:00:59]} Ke7 {[%clk 00:15:25]} {[%emt
00:01:54]} 29. f3 {[%clk 00:15:24]} {[%emt 00:00:25]} h6 {[%clk 00:11:56]}
{[%emt 00:03:59]} 30. Kf1 {[%clk 00:15:26]} {[%emt 00:00:27]} Kd8 {[%clk
00:08:34]} {[%emt 00:03:52]} 31. Ke2 {[%clk 00:15:21]} {[%emt 00:00:36]} e5
{[%clk 00:07:22]} {[%emt 00:01:42]} 32. Be3 {[%clk 00:15:22]} {[%emt 00:00:29]}
Kc7 {[%clk 00:07:31]} {[%emt 00:00:21]} 33. Rc1 {[%clk 00:11:43]} {[%emt
00:04:10]} Nf8 {[%clk 00:04:55]} {[%emt 00:03:05]} 34. a5 {[%clk 00:11:18]}
{[%emt 00:00:55]} Nd7 {[%clk 00:04:37]} {[%emt 00:00:47]} 35. Ra1 {[%clk
00:09:37]} {[%emt 00:02:12]} Nc5 {[%clk 00:03:43]} {[%emt 00:01:25]} 36. Bxc5
{[%clk 00:06:54]} {[%emt 00:03:13]} Rxc5 {[%clk 00:04:06]} {[%emt 00:00:07]}
37. Kd2 {[%clk 00:07:20]} {[%emt 00:00:03]} Kc6 {[%clk 00:03:36]} {[%emt
00:01:00]} 38. Kc3 {[%clk 00:07:31]} {[%emt 00:00:19]} Kb5 {[%clk 00:03:06]}
{[%emt 00:01:00]} 39. Ra3 {[%clk 00:06:01]} {[%emt 00:02:00]} Rc7 {[%clk
00:02:25]} {[%emt 00:01:11]} 40. b3 {[%clk 00:03:10]} {[%emt 00:03:22]} cxb3+
{[%clk 00:01:32]} {[%emt 00:01:22]} 41. Kxb3 {[%clk 00:03:34]} {[%emt
00:00:06]} Rc1 {[%clk 00:27:23]} {[%emt 00:04:39]} 42. Kb2 {[%clk 00:30:46]}
{[%emt 00:03:18]} Rg1 {[%clk 00:23:02]} {[%emt 00:04:50]} 43. Rb3+ {[%clk
00:30:50]} {[%emt 00:00:27]} Kxa5 {[%clk 00:22:34]} {[%emt 00:00:58]} 44. Rxb7
{[%clk 00:31:15]} {[%emt 00:00:05]} Rg2+ {[%clk 00:20:44]} {[%emt 00:02:20]}
45. Kb1 {[%clk 00:28:10]} {[%emt 00:03:35]} Rxh2 {[%clk 00:20:34]} {[%emt
00:00:40]} 46. Rxg7 {[%clk 00:26:25]} {[%emt 00:02:15]} Rf2 {[%clk 00:20:38]}
{[%emt 00:00:26]} 47. f4 {[%clk 00:24:42]} {[%emt 00:02:12]} exf4 {[%clk
00:20:42]} {[%emt 00:00:27]} 48. gxf4 {[%clk 00:25:07]} {[%emt 00:00:04]} Rxf4
{[%clk 00:21:09]} {[%emt 00:00:04]} 49. Rh7 {[%clk 00:25:31]} {[%emt 00:00:06]}
Rxe4 {[%clk 00:20:56]} {[%emt 00:00:42]} 50. Rxh6 {[%clk 00:25:57]} {[%emt
00:00:04]} f5 {[%clk 00:20:47]} {[%emt 00:00:40]} 51. Rf6 {[%clk 00:25:03]}
{[%emt 00:01:23]} f4 {[%clk 00:19:47]} {[%emt 00:01:30]} 52. Kc2 {[%clk
00:24:57]} {[%emt 00:00:36]} Kb5 {[%clk 00:19:09]} {[%emt 00:01:09]} 53. Kd3
{[%clk 00:25:06]} {[%emt 00:00:21]} Rb4 {[%clk 00:19:17]} {[%emt 00:00:21]} 54.
Kc3 {[%clk 00:23:53]} {[%emt 00:01:44]} a5 {[%clk 00:19:08]} {[%emt 00:00:38]}
55. Rf8 {[%clk 00:24:12]} {[%emt 00:00:12]} Ka4 {[%clk 00:19:07]} {[%emt
00:00:31]} 56. Rf5 {[%clk 00:23:28]} {[%emt 00:01:14]} f3 {[%clk 00:16:18]}
{[%emt 00:03:18]} 57. Kc2 {[%clk 00:23:52]} {[%emt 00:00:05]} Rb3 {[%clk
00:15:53]} {[%emt 00:00:56]} 58. Kc1 {[%clk 00:23:30]} {[%emt 00:00:53]} Kb4
{[%clk 00:16:09]} {[%emt 00:00:14]} 0-1

[Event "DEM U14 2024"]
[Site "Willingen GER"]
[Date "2024.05.23"]
[Round "7"]
[White "Hellenbroich, Hanno"]
[Black "Stichter, Constantin Paul"]
[Result "0-1"]
[Termination "normal"]
[Board "14"]
[WhiteElo "1739"]
[BlackElo "2022"]
[WhiteClock "00:08:19"]
[BlackClock "00:04:39"]
[PlyCount "60"]
[WhiteFideId "16270762"]
[BlackFideId "34603140"]
[EventCountry "GER"]
[EventRounds "9"]
[EventType "swiss"]
[EventDate "2024.05.18"]

1. e4 {[%clk 01:30:28]} {[%emt 00:00:37]} c5 {[%clk 01:30:42]} {[%emt
00:00:15]} 2. Nf3 {[%clk 01:30:21]} {[%emt 00:00:23]} e6 {[%clk 01:30:44]}
{[%emt 00:00:27]} 3. d4 {[%clk 01:27:22]} {[%emt 00:03:29]} cxd4 {[%clk
01:31:05]} {[%emt 00:00:09]} 4. Nxd4 {[%clk 01:27:42]} {[%emt 00:00:10]} a6
{[%clk 01:31:22]} {[%emt 00:00:12]} 5. Nc3 {[%clk 01:27:56]} {[%emt 00:00:17]}
Qc7 {[%clk 01:30:53]} {[%emt 00:00:59]} 6. Qf3 {[%clk 01:27:08]} {[%emt
00:01:18]} d6 {[%clk 01:19:14]} {[%emt 00:12:10]} 7. Bg5 {[%clk 01:22:31]}
{[%emt 00:05:06]} Nd7 {[%clk 01:16:21]} {[%emt 00:03:23]} 8. g4 {[%clk
01:19:57]} {[%emt 00:03:03]} Ngf6 {[%clk 01:10:57]} {[%emt 00:05:55]} 9. Qg3
{[%clk 01:13:39]} {[%emt 00:06:48]} b5 {[%clk 01:03:05]} {[%emt 00:08:23]} 10.
Bd3 {[%clk 00:57:21]} {[%emt 00:16:48]} Bb7 {[%clk 00:58:58]} {[%emt 00:04:36]}
11. Bxf6 {[%clk 00:54:02]} {[%emt 00:03:48]} gxf6 {[%clk 00:58:02]} {[%emt
00:01:27]} 12. O-O-O {[%clk 00:49:26]} {[%emt 00:05:06]} b4 {[%clk 00:53:07]}
{[%emt 00:05:25]} 13. Na4 {[%clk 00:48:16]} {[%emt 00:01:40]} Qa5 {[%clk
00:51:38]} {[%emt 00:01:59]} 14. b3 {[%clk 00:48:28]} {[%emt 00:00:18]} Nc5
{[%clk 00:44:16]} {[%emt 00:07:52]} 15. Qf4 {[%clk 00:35:47]} {[%emt 00:13:11]}
Be7 {[%clk 00:36:01]} {[%emt 00:08:45]} 16. Nxc5 {[%clk 00:36:00]} {[%emt
00:00:17]} dxc5 {[%clk 00:35:03]} {[%emt 00:01:29]} 17. Ne2 {[%clk 00:35:55]}
{[%emt 00:00:34]} O-O-O {[%clk 00:30:48]} {[%emt 00:04:44]} 18. Kb1 {[%clk
00:33:57]} {[%emt 00:02:29]} Rd7 {[%clk 00:28:44]} {[%emt 00:02:34]} 19. Rd2
{[%clk 00:30:45]} {[%emt 00:03:42]} Qc7 {[%clk 00:25:14]} {[%emt 00:04:00]} 20.
Rhd1 {[%clk 00:25:34]} {[%emt 00:05:40]} Qxf4 {[%clk 00:18:01]} {[%emt
00:07:44]} 21. Nxf4 {[%clk 00:25:53]} {[%emt 00:00:10]} Rhd8 {[%clk 00:18:14]}
{[%emt 00:00:18]} 22. f3 {[%clk 00:21:15]} {[%emt 00:05:09]} Bd6 {[%clk
00:11:43]} {[%emt 00:07:00]} 23. Nh5 {[%clk 00:20:41]} {[%emt 00:01:05]} Be5
{[%clk 00:11:40]} {[%emt 00:00:33]} 24. f4 {[%clk 00:18:55]} {[%emt 00:02:16]}
Bc3 {[%clk 00:08:46]} {[%emt 00:03:23]} 25. Re2 {[%clk 00:18:16]} {[%emt
00:01:08]} a5 {[%clk 00:08:39]} {[%emt 00:00:38]} 26. Rf1 {[%clk 00:16:59]}
{[%emt 00:01:46]} a4 {[%clk 00:08:26]} {[%emt 00:00:44]} 27. Kc1 {[%clk
00:14:02]} {[%emt 00:03:27]} axb3 {[%clk 00:07:55]} {[%emt 00:01:01]} 28. axb3
{[%clk 00:14:20]} {[%emt 00:00:12]} Kc7 {[%clk 00:06:26]} {[%emt 00:01:58]} 29.
Re3 {[%clk 00:14:26]} {[%emt 00:00:24]} Ba6 {[%clk 00:04:48]} {[%emt 00:02:09]}
30. Rd1 {[%clk 00:08:19]} {[%emt 00:06:37]} Bb5 {[%clk 00:04:39]} {[%emt
00:00:38]} 0-1

[Event "DEM U14 2024"]
[Site "Willingen GER"]
[Date "2024.05.23"]
[Round "7"]
[White "Sickmann, Lisa"]
[Black "Martemyanov, Mikhail"]
[Result "1/2-1/2"]
[Termination "normal"]
[Board "15"]
[WhiteTitle "WFM"]
[WhiteElo "1980"]
[BlackElo "1720"]
[WhiteClock "00:54:21"]
[BlackClock "00:05:30"]
[PlyCount "101"]
[WhiteFideId "16267818"]
[BlackFideId "34303774"]
[EventCountry "GER"]
[EventRounds "9"]
[EventType "swiss"]
[EventDate "2024.05.18"]

1. e4 {[%clk 01:30:59]} {[%emt 00:00:02]} c5 {[%clk 01:30:54]} {[%emt
00:00:13]} 2. Nf3 {[%clk 01:31:22]} {[%emt 00:00:12]} a6 {[%clk 01:31:18]}
{[%emt 00:00:13]} 3. c3 {[%clk 01:29:29]} {[%emt 00:02:04]} g6 {[%clk
01:31:26]} {[%emt 00:00:22]} 4. d4 {[%clk 01:29:51]} {[%emt 00:00:08]} cxd4
{[%clk 01:31:49]} {[%emt 00:00:06]} 5. cxd4 {[%clk 01:30:18]} {[%emt 00:00:04]}
d5 {[%clk 01:32:06]} {[%emt 00:00:13]} 6. exd5 {[%clk 01:29:25]} {[%emt
00:01:23]} Nf6 {[%clk 01:32:12]} {[%emt 00:00:23]} 7. Nc3 {[%clk 01:29:11]}
{[%emt 00:00:44]} Bg7 {[%clk 01:31:15]} {[%emt 00:01:27]} 8. Bc4 {[%clk
01:26:40]} {[%emt 00:03:02]} O-O {[%clk 01:27:27]} {[%emt 00:04:17]} 9. O-O
{[%clk 01:26:56]} {[%emt 00:00:14]} Nbd7 {[%clk 01:19:51]} {[%emt 00:08:06]}
10. d6 {[%clk 01:24:40]} {[%emt 00:02:47]} exd6 {[%clk 01:18:14]} {[%emt
00:02:06]} 11. Bg5 {[%clk 01:22:41]} {[%emt 00:02:29]} Nb6 {[%clk 01:07:09]}
{[%emt 00:11:36]} 12. Bb3 {[%clk 01:22:46]} {[%emt 00:00:24]} Bf5 {[%clk
01:06:05]} {[%emt 00:01:34]} 13. Qd2 {[%clk 01:22:15]} {[%emt 00:01:00]} Re8
{[%clk 00:51:16]} {[%emt 00:15:21]} 14. Bh6 {[%clk 01:18:33]} {[%emt 00:04:11]}
Bh8 {[%clk 00:50:10]} {[%emt 00:01:36]} 15. Rfe1 {[%clk 01:16:49]} {[%emt
00:02:13]} Qd7 {[%clk 00:46:49]} {[%emt 00:03:53]} 16. Rxe8+ {[%clk 01:14:08]}
{[%emt 00:03:10]} Rxe8 {[%clk 00:46:44]} {[%emt 00:00:35]} 17. Re1 {[%clk
01:13:28]} {[%emt 00:01:09]} Be6 {[%clk 00:42:04]} {[%emt 00:05:11]} 18. d5
{[%clk 01:07:05]} {[%emt 00:06:54]} Bg4 {[%clk 00:40:38]} {[%emt 00:01:55]} 19.
Be3 {[%clk 01:05:08]} {[%emt 00:02:27]} Bxf3 {[%clk 00:34:00]} {[%emt
00:07:08]} 20. gxf3 {[%clk 01:02:29]} {[%emt 00:03:08]} Nc8 {[%clk 00:29:57]}
{[%emt 00:04:35]} 21. Bd4 {[%clk 00:57:53]} {[%emt 00:05:04]} Rxe1+ {[%clk
00:23:55]} {[%emt 00:06:33]} 22. Qxe1 {[%clk 00:57:57]} {[%emt 00:00:26]} Qe7
{[%clk 00:24:18]} {[%emt 00:00:07]} 23. Qd2 {[%clk 00:56:33]} {[%emt 00:01:54]}
Qd7 {[%clk 00:20:27]} {[%emt 00:04:22]} 24. Qe3 {[%clk 00:52:36]} {[%emt
00:04:23]} Ne7 {[%clk 00:17:08]} {[%emt 00:03:52]} 25. Qg5 {[%clk 00:51:52]}
{[%emt 00:01:14]} Nf5 {[%clk 00:15:30]} {[%emt 00:02:09]} 26. Bb6 {[%clk
00:42:37]} {[%emt 00:09:44]} h6 {[%clk 00:14:36]} {[%emt 00:01:24]} 27. Qf4
{[%clk 00:40:30]} {[%emt 00:02:36]} g5 {[%clk 00:12:51]} {[%emt 00:02:16]} 28.
Qa4 {[%clk 00:35:46]} {[%emt 00:05:14]} Qe7 {[%clk 00:05:09]} {[%emt 00:08:12]}
29. Ne4 {[%clk 00:35:11]} {[%emt 00:01:05]} Nd7 {[%clk 00:04:48]} {[%emt
00:00:52]} 30. Ba5 {[%clk 00:31:46]} {[%emt 00:03:54]} Ne5 {[%clk 00:04:27]}
{[%emt 00:00:51]} 31. Bd1 {[%clk 00:31:41]} {[%emt 00:00:32]} Nh4 {[%clk
00:03:29]} {[%emt 00:01:32]} 32. Nd2 {[%clk 00:29:55]} {[%emt 00:02:14]} b5
{[%clk 00:02:45]} {[%emt 00:01:15]} 33. Qc2 {[%clk 00:29:30]} {[%emt 00:00:55]}
Qd7 {[%clk 00:02:26]} {[%emt 00:00:50]} 34. f4 {[%clk 00:27:05]} {[%emt
00:02:54]} Qh3 {[%clk 00:01:14]} {[%emt 00:01:42]} 35. Qe4 {[%clk 00:27:25]}
{[%emt 00:00:09]} f5 {[%clk 00:01:05]} {[%emt 00:00:40]} 36. Qh1 {[%clk
00:27:35]} {[%emt 00:00:20]} gxf4 {[%clk 00:00:34]} {[%emt 00:01:01]} 37. Bd8
{[%clk 00:27:50]} {[%emt 00:00:15]} Qd3 {[%clk 00:00:31]} {[%emt 00:00:33]} 38.
Bxh4 {[%clk 00:28:01]} {[%emt 00:00:19]} Qxd2 {[%clk 00:00:39]} {[%emt
00:00:22]} 39. Qg2+ {[%clk 00:28:19]} {[%emt 00:00:11]} Bg7 {[%clk 00:00:46]}
{[%emt 00:00:25]} 40. Bh5 {[%clk 00:28:11]} {[%emt 00:00:35]} Qe1+ {[%clk
00:00:33]} {[%emt 00:00:45]} 41. Qf1 {[%clk 00:28:32]} {[%emt 00:00:09]} Qxf1+
{[%clk 00:21:13]} {[%emt 00:09:49]} 42. Kxf1 {[%clk 00:58:12]} {[%emt
00:00:50]} Nd3 {[%clk 00:21:27]} {[%emt 00:00:17]} 43. Be7 {[%clk 00:57:30]}
{[%emt 00:01:12]} Be5 {[%clk 00:20:42]} {[%emt 00:01:14]} 44. Bg6 {[%clk
00:57:41]} {[%emt 00:00:18]} Nxb2 {[%clk 00:16:53]} {[%emt 00:04:22]} 45. Bxf5
{[%clk 00:58:02]} {[%emt 00:00:08]} a5 {[%clk 00:15:12]} {[%emt 00:02:11]} 46.
Bd8 {[%clk 00:57:29]} {[%emt 00:01:07]} a4 {[%clk 00:07:22]} {[%emt 00:08:16]}
47. Ba5 {[%clk 00:57:16]} {[%emt 00:00:43]} Nc4 {[%clk 00:06:26]} {[%emt
00:01:26]} 48. Bb4 {[%clk 00:57:27]} {[%emt 00:00:17]} Nb6 {[%clk 00:06:06]}
{[%emt 00:00:52]} 49. Ba5 {[%clk 00:57:27]} {[%emt 00:00:29]} Nc4 {[%clk
00:05:30]} {[%emt 00:01:08]} 50. Bb4 {[%clk 00:54:21]} {[%emt 00:03:35]} Bb2
{[%emt 00:08:16]} 51. Bd7 {[%emt 00:00:06]} 1/2-1/2